000 01012cam a22002773a 4500
001 1883
003 PGUSA
005 20140828083007.0
008 060226s2006||||xxu|||||s|||||000 1 eng d
040 _aPGUSA
_beng
042 _adc
050 4 _aPG
100 1 _aChekhov, Anton Pavlovich,
_d1860-1904
245 1 4 _aThe Wife, and other stories
_h[electronic resource] /
_cAnton Pavlovich Chekhov
260 _bProject Gutenberg,
_c2006
505 0 _aThe wife -- Difficult people -- The grasshopper -- A dreary story -- The privy councillor -- The man in a case -- Gooseberries -- About love -- The lottery ticket.
506 _aPublic domain in the USA.
516 _aElectronic text
653 _aChekhov, Anton Pavlovich, 1860-1904 -- Translations into English
653 _aShort stories
653 _aRussia -- Social life and customs -- Fiction
700 1 _aGarnett, Constance,
_d1861-1946
830 0 _aProject Gutenberg
_v1883
856 4 0 _uhttp://www.gutenberg.org/ebooks/1883
942 _cEB
999 _c231226
_d231226